[Event "Asia-ch U16"]
[Site "Sari"]
[Date "2013.06.26"]
[Round "9"]
[White "Haputhanthri, HUDB"]
[Black "Pajoum Tajani, Farbod"]
[Result "0-1"]
[WhiteElo "1777"]
[BlackElo "2075"]
[PlyCount "88"]
[EventDate "2013.06.21"]
[EventType "swiss"]
[EventRounds "9"]
[EventCountry "IRI"]
[SourceTitle "EXT 2015"]
[Source "ChessBase"]
[SourceDate "2014.11.20"]
[SourceVersion "1"]
[SourceVersionDate "2014.11.20"]
[SourceQuality "1"]

1. d4 Nf6 2. c4 g6 3. Nc3 Bg7 4. e4 d6 5. Be2 0-0 6. Nf3 e5 7. dxe5 dxe5 8. Qxd8 Rxd8 9. Bg5 Re8 10. Nd5 Nxd5 11. cxd5 c6 12. dxc6 Nxc6 13. Bb5 f5 14. Be3 Bf8 15. Bxc6 bxc6 16. Rc1 Bb4+ 17. Bd2 a5 18. a3 Bf8 19. Bc3 Bh6 20. Bd2 Bg7 21. Bc3 fxe4 22. Nd2 Bh6 23. Rd1 e3 24. fxe3 Bg4 25. Ne4 Re6 26. Rd7 Bxe3 27. Rf1 Bf5 28. Nd6 Rf8 29. Nxf5 gxf5 30. Rf3 f4 31. Rh3 h6 32. Rh5 Rfe8 33. Rf5 Rg6 34. Kf1 e4 35. Rf6 Rxf6 36. Bxf6 c5 37. Re7 Rxe7 38. Bxe7 a4 39. Bd6 Kf7 40. Ke2 Ke6 41. Bf8 h5 42. g3 fxg3 43. hxg3 Bd4 44. Kd2 c4 0-1